Egypt : temples, men and gods /

محفوظ في:

المؤلف الرئيسي: Siliotti, Alberto.

مؤلفون آخرون: Manferto, Valeria.

التنسيق: كتاب

اللغة: English

منشور في: Cairo, Egypt : American University in Cairo Press, c2000.

الموضوعات:

الوسوم: إضافة وسم

لا توجد وسوم, كن أول من يضع وسما على هذه التسجيلة!

رقم الطلب: (O.S.)NA215 .S55 2000

LEADER 01036nam a2200337 a 4500
001 EGAG02-B3757
003 OSt
005 20240222084615.0
008 020715s2000 ua abe b 001 0 eng
999 |c 57085  |d 57085 
010 |a 2002360710 
020 |a 9774246160 
040 |c ARCE Library 
042 |a lcode 
043 |a f-ua--- 
050 4 |a (O.S.)NA215 .S55 2000 
100 1 |a Siliotti, Alberto. 
245 1 0 |a Egypt :   |b temples, men and gods /   |c Alberto Siliotti. 
260 |a Cairo, Egypt :  |b American University in Cairo Press,  |c c2000. 
300 |a 290 p. :  |b col. ill., maps, plans ;  |c 36 cm. 
504 |a Includes bibliographical references (p. 286-287) and Index. 
650 0 |a Temples  |z Egypt. 
650 0 |a Tombs  |z Egypt. 
650 0 |a Art, Egyptian. 
650 0 |a Architecture, Ancient  |z Egypt. 
651 0 |a Egypt  |x Civilization  |y To 332 B.C. 
651 0 |a Egypt  |x Antiquities  |y To 332 B.C. 
651 0 |a Egypt  |x Antiquities  |y 332 B.C.--638 A.D. 
700 1 |a Manferto, Valeria. 
901 |a reviewed 
942 |2 lcc  |c BK